| 000 | 01027nam a2200277Ia 4500 | ||
|---|---|---|---|
| 003 | OSt | ||
| 005 | 20220918170225.0 | ||
| 006 | a|||||r|||| 00| 0 | ||
| 007 | ta | ||
| 008 | 220917b |||||||| |||| 00| 0 eng d | ||
| 020 |
_a978 90 272 1332 7 (hkb) _cEURO 99.00 |
||
| 024 | _a320,575 | ||
| 037 |
_b1323, 06/03/2017, Bright Book Service _cTextual |
||
| 040 |
_aARTS _cARTS _beng |
||
| 041 |
_2eng _aeng |
||
| 082 | _aT:3(P), Q6 | ||
| 100 |
_aSato Masatoshi Ed. _927787 |
||
| 245 | 0 |
_aPeer interaction and second language learning _b pedagogical potential and research agenda |
|
| 260 |
_aAmsterdam _bJohn Benjamin Publishing Company The Netherlands _c2016 |
||
| 300 |
_avi,399p. _ccm. |
||
| 490 | _aLanguage learning and language teaching; 45 | ||
| 650 |
_aEDUCATION; LANGUAGE AND LANGUAGES - STUDY AND TEACHING _927788 |
||
| 700 |
_a Ballinger Susan Ed. _927789 |
||
| 942 |
_hT:3(P), Q6 _cTEXL _2CC |
||
| 999 |
_c133181 _d133181 |
||